00891nam a2200229 a 4500008004100000020002200041111007700063245011700140260003900257300003300296440008300329500004800412500002000460504004100480650002700521650003700548650003400585700001500619003000100634005001700635040000900652  a0444865217 (hbk.)2 aInternational School of Physics "Enrico Fermi"d(1981 :cVarenna, Italy)10aPositron solid-state physics :bVarenna on Lake Como, Villa Monastero, 14-24 July 1981 /c[edited] by W. Brandt. aAmsterdam :bNorth-Holland,c1983. axx, 710 p. :bill. ;c25 cm. aProceedings of the International School of Physics "Enrico Fermi" ;vcourse 83 aAt head of title: Italian Physical Society. aIncludes index. aIncludes bibliographical references. 0aPositronsvCongresses. 0aSolid state physicsvCongresses. 0aMetalsxSurfacesvCongresses.1 aBrandt, W.20230123133220.0 cNUST